000
00319nam a22001337a 4500
008
170726b xxu||||| |||| 00| 0 eng d
020
_a
9783540228073
041
_a
eng
080
_a
004
100
_a
29
101
_a
SHK
245
_a
COMPUTATIONAL INTELLIGENCE, THEORY AND APPLICATIONS
_c
REUSCH,B
942
_2
udc
_c
BK
999
_c
21901
_d
21901